[Event "11th Philadelphia International"]
[Site "Philadelphia, PA"]
[Date "2017.06.24"]
[Round "2.22"]
[White "Bian, Alex"]
[Black "Somalwar, Anaiy"]
[Result "1-0"]
[WhiteElo "2266"]
[BlackElo "1780"]
[PlyCount "69"]
[EventDate "2017.06.??"]
[EventType "swiss"]
[EventRounds "9"]
[EventCountry "USA"]

1. e4 c5 2. Nf3 e6 3. d4 cxd4 4. Nxd4 Nc6 5. Nc3 Qc7 6. Be3 a6 7. Qd2 Nf6 8.
O-O-O Be7 9. f4 d6 10. Be2 b5 11. e5 dxe5 12. Nxc6 b4 13. Nxe7 bxc3 14. Qxc3
Qxc3 15. bxc3 Kxe7 16. Bc5+ Ke8 17. fxe5 Ne4 18. Bf3 Bb7 19. Bb6 f5 20. exf6
gxf6 21. Rhe1 f5 22. g4 Rc8 23. gxf5 exf5 24. Rd3 Bc6 25. Bh5+ Ke7 26. Bc5+ Ke6
27. Rd6+ Ke5 28. Rxc6 Rxc6 29. Bd4+ Kf4 30. Bxh8 Rh6 31. Rf1+ Kg5 32. Bf3 Rxh2
33. Be5 Rh6 34. Bxe4 fxe4 35. Bf4+ 1-0

[Event "11th Philadelphia International"]
[Site "Philadelphia, PA"]
[Date "2017.06.24"]
[Round "2.23"]
[White "Zhu, Qingyu"]
[Black "Paragua, Mark"]
[Result "0-1"]
[WhiteElo "1964"]
[BlackElo "2520"]
[PlyCount "72"]
[EventDate "2017.06.??"]
[EventType "swiss"]
[EventRounds "9"]
[EventCountry "USA"]

1. e4 c5 2. Nc3 d6 3. g3 g6 4. Bg2 Bg7 5. Nge2 Nc6 6. d3 Rb8 7. Be3 Nd4 8. Qd2
b5 9. O-O e6 10. Nd1 b4 11. Nc1 Qc7 12. Re1 h6 13. f3 Ne7 14. c3 Ndc6 15. Ne2
bxc3 16. bxc3 Ba6 17. Nf2 Qa5 18. Rab1 Rb5 19. Bf1 Ne5 20. Kg2 Qa4 21. f4 Rxb1
22. Rxb1 Nxd3 23. Ng1 Nxf2 24. Kxf2 O-O 25. Bxa6 Qxa6 26. Ne2 Qc6 27. Qc2 f5
28. exf5 Nxf5 29. Qb3 Qe4 30. Bd2 d5 31. Re1 Qd3 32. Bc1 Nd6 33. Bb2 Ne4+ 34.
Kg2 Qe3 35. Qd1 Qf2+ 36. Kh3 Rf5 0-1

[Event "11th Philadelphia International"]
[Site "Philadelphia, PA"]
[Date "2017.06.24"]
[Round "2.24"]
[White "De Fotis, Gary"]
[Black "Baquero, Luis"]
[Result "1/2-1/2"]
[WhiteElo "1949"]
[BlackElo "2304"]
[PlyCount "45"]
[EventDate "2017.06.??"]
[EventType "swiss"]
[EventRounds "9"]
[EventCountry "USA"]

1. d4 c5 2. d5 e5 3. c4 f5 4. e4 d6 5. exf5 Bxf5 6. Nc3 Nf6 7. Bd3 e4 8. Bc2 g6
9. Nge2 Bg7 10. O-O O-O 11. Bg5 Qe8 12. Qd2 Nbd7 13. Rae1 Ne5 14. b3 Nfg4 15.
Ng3 h6 16. Bf4 g5 17. Bxe5 Bxe5 18. Ncxe4 Qg6 19. f3 Nxh2 20. Kxh2 Bxe4 21.
Rxe4 Qh5+ 22. Kg1 Bxg3 23. Rf2 1/2-1/2

[Event "11th Philadelphia International"]
[Site "Philadelphia, PA"]
[Date "2017.06.24"]
[Round "2.26"]
[White "Banik, Siddarth"]
[Black "Obiamiwe, Paul"]
[Result "1-0"]
[WhiteElo "2209"]
[BlackElo "1932"]
[PlyCount "75"]
[EventDate "2017.06.??"]
[EventType "swiss"]
[EventRounds "9"]
[EventCountry "USA"]

1. e4 e5 2. Nf3 Nc6 3. Bb5 a6 4. Ba4 Nf6 5. d3 b5 6. Bb3 Be7 7. O-O d6 8. a4
Bd7 9. c3 O-O 10. Re1 Na5 11. Bc2 c5 12. Nbd2 Qc7 13. Nf1 Rfe8 14. h3 h6 15.
Ng3 Nc6 16. Nh4 Be6 17. Nhf5 Bf8 18. Qf3 Nh7 19. h4 Ne7 20. Bd2 Red8 21. Rec1
d5 22. Nxe7+ Bxe7 23. axb5 dxe4 24. Nxe4 f5 25. Ng3 Qd7 26. bxa6 e4 27. dxe4
Qxd2 28. exf5 Bd5 29. Ne4 Bxe4 30. Qxe4 Bd6 31. Rd1 Qf4 32. Bb3+ Kh8 33. Qxf4
Bxf4 34. Rxd8+ Rxd8 35. a7 Nf6 36. a8=Q Rxa8 37. Rxa8+ Kh7 38. Bf7 1-0

[Event "11th Philadelphia International"]
[Site "Philadelphia, PA"]
[Date "2017.06.24"]
[Round "2.27"]
[White "Kumar, Naman"]
[Black "Machuca, Danny"]
[Result "1/2-1/2"]
[WhiteElo "1840"]
[BlackElo "2153"]
[PlyCount "91"]
[EventDate "2017.06.??"]
[EventType "swiss"]
[EventRounds "9"]
[EventCountry "USA"]

1. e4 e6 2. d4 d5 3. Nc3 dxe4 4. Nxe4 Bd7 5. Nf3 Bc6 6. Bd3 Bxe4 7. Bxe4 c6 8.
O-O Nf6 9. Bd3 Nbd7 10. c3 g6 11. Bg5 Bg7 12. Ne5 O-O 13. f4 Qc7 14. Nxd7 Nxd7
15. g4 c5 16. dxc5 Qxc5+ 17. Rf2 Nf6 18. Qf3 Rad8 19. h3 Rd5 20. f5 exf5 21.
gxf5 Nd7 22. Be7 Ne5 23. Bxc5 Nxf3+ 24. Rxf3 Rxc5 25. fxg6 hxg6 26. Bc2 b5 27.
Bb3 a5 28. Raf1 Rc7 29. Kg2 a4 30. Bd5 a3 31. bxa3 Bxc3 32. Rc1 Be5 33. Rxc7
Bxc7 34. Rb3 Rb8 35. Bc6 Bd6 36. Rxb5 Rxb5 37. Bxb5 Bxa3 38. Kf3 Kg7 39. Be8 f5
40. Bd7 Kf6 41. Bc6 g5 42. Bd7 Ke5 43. Bc8 g4+ 44. hxg4 fxg4+ 45. Bxg4 Kd4 46.
Be6 1/2-1/2

[Event "11th Philadelphia International"]
[Site "Philadelphia, PA"]
[Date "2017.06.24"]
[Round "2.28"]
[White "Virtanen, Teemu"]
[Black "Goli, Sandhya"]
[Result "1-0"]
[WhiteElo "2141"]
[BlackElo "1873"]
[PlyCount "73"]
[EventDate "2017.06.??"]
[EventType "swiss"]
[EventRounds "9"]
[EventCountry "USA"]

1. e4 c5 2. Nf3 d6 3. d4 cxd4 4. Nxd4 Nf6 5. Nc3 a6 6. g3 e5 7. Nde2 b5 8. Bg2
Nbd7 9. h3 Be7 10. g4 b4 11. Nd5 Nxd5 12. exd5 a5 13. a3 Ba6 14. O-O O-O 15.
Bd2 Qb6 16. Re1 f5 17. gxf5 Rxf5 18. Be3 Nc5 19. Ng3 Rff8 20. Ne4 Rad8 21. axb4
axb4 22. c3 bxc3 23. b4 c2 24. Qxc2 Qxb4 25. Nxc5 dxc5 26. Be4 h6 27. Rec1 Qb6
28. d6 Bxd6 29. Qa2+ Kh8 30. Qxa6 Qb4 31. Rc4 Qb2 32. Rd1 Qb8 33. Rc2 Qb4 34.
Qc4 Qb8 35. Rcd2 Be7 36. Qe6 Rxd2 37. Rxd2 1-0

[Event "11th Philadelphia International"]
[Site "Philadelphia, PA"]
[Date "2017.06.24"]
[Round "2.29"]
[White "Zhu, Evelyn"]
[Black "Nguyen, Trung"]
[Result "0-1"]
[WhiteElo "1754"]
[BlackElo "2132"]
[PlyCount "60"]
[EventDate "2017.06.??"]
[EventType "swiss"]
[EventRounds "9"]
[EventCountry "USA"]

1. d4 g6 2. c4 Bg7 3. Nc3 d6 4. e4 Nf6 5. f3 O-O 6. Be3 a6 7. Qd2 Nbd7 8. Nge2
c5 9. d5 Ne5 10. Ng3 h5 11. Be2 b5 12. cxb5 axb5 13. Nxb5 h4 14. Nf1 Ba6 15. h3
Qb6 16. a4 Bxb5 17. Bxb5 Qxb5 18. axb5 Rxa1+ 19. Ke2 Nc4 20. Qc2 Nxe3 21. Kxe3
Nd7 22. b3 Bd4+ 23. Kf4 Kg7 24. g3 Re1 25. gxh4 Be5+ 26. Kg5 f6+ 27. Kg4 f5+
28. Kg5 Rh8 29. exf5 Rh5+ 30. Kg4 Nf6# 0-1

[Event "11th Philadelphia International"]
[Site "Philadelphia, PA"]
[Date "2017.06.24"]
[Round "2.32"]
[White "Mujumdar, Sameer"]
[Black "Lu, Benjamin"]
[Result "1-0"]
[WhiteElo "2089"]
[BlackElo "1746"]
[PlyCount "85"]
[EventDate "2017.06.??"]
[EventType "swiss"]
[EventRounds "9"]
[EventCountry "USA"]

1. d4 d5 2. c4 c6 3. Nf3 Nf6 4. e3 e6 5. Nc3 Nbd7 6. Qc2 Be7 7. Bd3 O-O 8. O-O
dxc4 9. Bxc4 Nb6 10. Bd3 Bd7 11. e4 h6 12. Rd1 Rc8 13. a4 a5 14. Ne5 Be8 15.
Be3 Bd6 16. Qb3 Bxe5 17. dxe5 Nfd7 18. Rac1 Rb8 19. f4 Nc8 20. Bc4 Qe7 21. Qc2
f6 22. exf6 Nxf6 23. h3 Bf7 24. Qf2 Qc7 25. e5 Nd7 26. Ne4 Kh8 27. Nc5 Nxc5 28.
Bxc5 Rd8 29. Qh4 Re8 30. g4 b6 31. Bd6 Nxd6 32. Rxd6 Rbd8 33. Rcd1 Rxd6 34.
exd6 Qd7 35. Qf2 b5 36. Bb3 Rb8 37. Qc5 Be8 38. axb5 Rxb5 39. Qe3 Bf7 40. f5 e5
41. Bxf7 Qxf7 42. d7 Rd5 43. d8=Q+ 1-0

[Event "11th Philadelphia International"]
[Site "Philadelphia, PA"]
[Date "2017.06.24"]
[Round "2.33"]
[White "Hu, Pinyi"]
[Black "Eswaran, Ashritha"]
[Result "0-1"]
[WhiteElo "1649"]
[BlackElo "2086"]
[PlyCount "84"]
[EventDate "2017.06.??"]
[EventType "swiss"]
[EventRounds "9"]
[EventCountry "USA"]

1. e4 c5 2. Nf3 d6 3. d4 cxd4 4. Nxd4 Nf6 5. Nc3 g6 6. Be3 Bg7 7. f3 Nc6 8. Qd2
O-O 9. O-O-O d5 10. Kb1 Rb8 11. h4 e5 12. Nxc6 bxc6 13. exd5 cxd5 14. Nxd5 Be6
15. Bc4 e4 16. Nxf6+ Qxf6 17. Bd4 Qxd4 18. Qxd4 Bxd4 19. Rxd4 Rb4 20. b3 exf3
21. a3 fxg2 22. Rg1 Rb7 23. Bxe6 fxe6 24. Rxg2 Rf5 25. Re4 Kf7 26. Kb2 Kf6 27.
c4 e5 28. Rge2 Rf4 29. Rxe5 Rxc4 30. Re6+ Kf7 31. R2e4 Rxe4 32. Rxe4 Kf6 33. b4
Kf5 34. Rc4 h6 35. a4 g5 36. b5 g4 37. Rc6 g3 38. Rxh6 Rg7 39. b6 axb6 40. Rxb6
g2 41. Rb5+ Ke4 42. Rb4+ Kd5 0-1

[Event "11th Philadelphia International"]
[Site "Philadelphia, PA"]
[Date "2017.06.25"]
[Round "2.35"]
[White "Wongso, Steve"]
[Black "Bayer, Anu"]
[Result "0-1"]
[WhiteElo "1636"]
[BlackElo "2041"]
[PlyCount "118"]
[EventDate "2017.06.??"]
[EventType "swiss"]
[EventRounds "9"]
[EventCountry "USA"]

1. e4 d5 2. exd5 Qxd5 3. Nc3 Qd6 4. d4 Nf6 5. Nb5 Qd8 6. c4 Bf5 7. Bf4 Na6 8.
Bd3 Bxd3 9. Qxd3 e6 10. Nf3 Bb4+ 11. Nc3 O-O 12. O-O c5 13. Ne4 cxd4 14. Nxf6+
Qxf6 15. Be5 Qg6 16. Qxd4 f6 17. Bg3 Rfd8 18. Qe3 e5 19. Qb3 Qd3 20. Qa4 Qd7
21. Qb3 Bc5 22. Rad1 Qc6 23. a3 Nc7 24. h3 Ne6 25. Rd5 Nd4 26. Nxd4 Bxd4 27.
Kh2 Rxd5 28. cxd5 Qb6 29. Qxb6 axb6 30. Rc1 Bxb2 31. Rc7 Rd8 32. Rxb7 Bd4 33.
f4 Rxd5 34. f5 e4 35. Rb8+ Kf7 36. Rb7+ Kf8 37. Bc7 e3 38. Bxb6 Bxb6 39. Rxb6
e2 40. Rb8+ Ke7 41. Rb6 Re5 42. Rb7+ Kf8 43. Rb8+ Re8 44. Rb1 e1=Q 45. Rxe1
Rxe1 46. Kg3 Ra1 47. Kh2 Rxa3 48. g4 Ke7 49. Kg2 Kd6 50. Kh2 Ke5 51. Kg2 Kf4
52. Kh2 Ra2+ 53. Kg1 Kf3 54. g5 fxg5 55. h4 gxh4 56. f6 gxf6 57. Kh1 Kf2 58.
Kh2 Ra3 59. Kh1 Rh3# 0-1

[Event "11th Philadelphia International"]
[Site "Philadelphia, PA"]
[Date "2017.06.24"]
[Round "2.36"]
[White "Norovsambu, Badamkhand"]
[Black "Lee, Jayden"]
[Result "0-1"]
[WhiteElo "2038"]
[BlackElo "1689"]
[PlyCount "79"]
[EventDate "2017.06.??"]
[EventType "swiss"]
[EventRounds "9"]
[EventCountry "USA"]

1. d4 Nf6 2. c4 g6 3. Nc3 Bg7 4. e4 d6 5. Nf3 O-O 6. Be2 Na6 7. O-O e5 8. d5
Nc5 9. Qc2 a5 10. b3 Qe8 11. a3 Nfxe4 12. Nxe4 Nxe4 13. Qxe4 f5 14. Qe3 f4 15.
Qd2 e4 16. Nd4 f3 17. Bd1 Qe5 18. Bb2 Qh5 19. Nxf3 exf3 20. Bxf3 Rxf3 21. Bxg7
Rxb3 22. Bb2 Qh4 23. f4 Qe7 24. Rae1 Rxb2 25. Qxb2 Qf7 26. Re3 b6 27. Rfe1 Bd7
28. Re7 Qf8 29. Rxd7 Rd8 30. Rxc7 Rc8 31. Rxc8 Qxc8 32. Qe2 Qc5+ 33. Kh1 Qc8
34. Qe8+ Qxe8 35. Rxe8+ Kf7 36. Re6 b5 37. cxb5 a4 38. b6 h5 39. b7 g5 40. b8=Q
0-1

[Event "11th Philadelphia International"]
[Site "Philadelphia, PA"]
[Date "2017.06.24"]
[Round "2.38"]
[White "Saikhanchimeg, Saik"]
[Black "Sanjeevi, Bhaskar"]
[Result "1-0"]
[WhiteElo "1970"]
[BlackElo "1583"]
[PlyCount "124"]
[EventDate "2017.06.??"]
[EventType "swiss"]
[EventRounds "9"]
[EventCountry "USA"]

1. e4 e5 2. Nf3 Nc6 3. Bc4 Bc5 4. c3 Qe7 5. O-O Nf6 6. d4 Bb6 7. Re1 d6 8. h3
h6 9. a3 O-O 10. b4 Nb8 11. Nbd2 c6 12. Bb2 Bc7 13. dxe5 dxe5 14. Bb3 Be6 15.
c4 Nbd7 16. c5 Rfd8 17. Bxe6 Qxe6 18. Qc2 b5 19. cxb6 axb6 20. Nc4 b5 21. Ne3
Rac8 22. Nf5 Kh7 23. Red1 g6 24. Ng3 Nb6 25. Nd2 Na4 26. Nb3 Nd7 27. Rac1 Bb6
28. Ba1 Qf6 29. Qe2 Qf4 30. Rd3 Kg7 31. Rcd1 Nf8 32. Rf3 Qg5 33. Nf1 Ne6 34. g3
Rxd1 35. Qxd1 Rd8 36. Qc1 Qxc1 37. Bxe5+ Kg8 38. Nxc1 Rd1 39. Nb3 Ng5 40. Rf6
Bd8 41. Rd6 Rxd6 42. Bxd6 Nxe4 43. Bf4 g5 44. Be3 Bf6 45. Bd4 Be7 46. Ne3 c5
47. bxc5 Naxc5 48. Bxc5 Nxc5 49. Nd4 Ne4 50. Nxb5 Bc5 51. Kg2 Kf8 52. Kf3 Nf6
53. g4 Ke8 54. Nf5 Bf8 55. a4 Kd7 56. a5 Kc6 57. a6 Nd7 58. Nfd4+ Kb6 59. a7
Kb7 60. Nc6 f6 61. Nd8+ Ka8 62. Ne6 Bd6 1-0

[Event "11th Philadelphia International"]
[Site "Philadelphia, PA"]
[Date "2017.06.25"]
[Round "3.1"]
[White "Garcia, Jan"]
[Black "Perez, Yuniesky"]
[Result "0-1"]
[WhiteElo "2436"]
[BlackElo "2624"]
[PlyCount "84"]
[EventDate "2017.06.??"]
[EventType "swiss"]
[EventRounds "9"]
[EventCountry "USA"]
[WhiteClock "0:00:42"]
[BlackClock "0:00:05"]

1. d4 Nf6 2. c4 e6 3. Nf3 d5 4. Nc3 c6 5. Bg5 Nbd7 6. cxd5 exd5 7. e3 h6 8. Bh4
g5 9. Bg3 Nh5 10. Bd3 Nxg3 11. hxg3 Bg7 12. Qc2 Qe7 13. O-O-O Nb6 14. Nd2 Be6
15. Nb3 Nd7 16. Kb1 O-O 17. Bh7+ Kh8 18. Bf5 a5 19. Rh5 a4 20. Nd2 Nf6 21. Rh3
Ne4 22. Bxe6 Nxc3+ 23. Qxc3 Qxe6 24. Qc2 a3 25. Rdh1 Kg8 26. Rh5 Rfc8 27. Nb3
b6 28. f4 gxf4 29. exf4 c5 30. bxa3 c4 31. Nc1 Rxa3 32. Qf5 Rxg3 33. Qxd5 Qxd5
34. Rxd5 Rxg2 35. Re1 Rd2 36. Re7 c3 37. Red7 Re8 38. Rd8 c2+ 39. Kb2 Bxd4+ 40.
Kb3 Rxd8 41. Rxd8+ Kg7 42. Rc8 Be3 0-1

[Event "11th Philadelphia International"]
[Site "Philadelphia, PA"]
[Date "2017.06.25"]
[Round "3.3"]
[White "Checa, Nicolas"]
[Black "Stukopin, Andrey"]
[Result "1/2-1/2"]
[WhiteElo "2415"]
[BlackElo "2577"]
[PlyCount "26"]
[EventDate "2017.06.??"]
[EventType "swiss"]
[EventRounds "9"]
[EventCountry "USA"]
[WhiteClock "1:44:11"]
[BlackClock "1:51:23"]

1. d4 Nf6 2. c4 e6 3. Nf3 d5 4. Bg5 dxc4 5. Nc3 Bb4 6. e4 c5 7. Bxc4 cxd4 8.
Nxd4 Bxc3+ 9. bxc3 Qa5 10. Bb5+ Bd7 11. Bxf6 gxf6 12. Bxd7+ Nxd7 13. O-O a6
1/2-1/2

[Event "11th Philadelphia International"]
[Site "Philadelphia, PA"]
[Date "2017.06.25"]
[Round "3.4"]
[White "Li, Ruifeng"]
[Black "Nolte, Rolando"]
[Result "1-0"]
[WhiteElo "2571"]
[BlackElo "2393"]
[PlyCount "61"]
[EventDate "2017.06.??"]
[EventType "swiss"]
[EventRounds "9"]
[EventCountry "USA"]
[WhiteClock "0:21:31"]
[BlackClock "1:15:56"]

1. e4 c5 2. Nf3 d6 3. d4 cxd4 4. Nxd4 Nf6 5. Nc3 a6 6. h3 e5 7. Nde2 b5 8. Ng3
Nbd7 9. a4 b4 10. Nd5 Nxd5 11. Qxd5 Ra7 12. Be3 Rc7 13. Bc4 Nf6 14. Qd3 Rc6 15.
Bd5 Nxd5 16. exd5 Rc7 17. Bb6 Qd7 18. Bxc7 Qxc7 19. O-O Be7 20. c3 bxc3 21.
Rac1 O-O 22. Qxc3 Qb7 23. Qc7 Bg5 24. Rc6 Qxc7 25. Rxc7 f5 26. b4 e4 27. b5
axb5 28. axb5 e3 29. f4 Bh4 30. Ne2 Bf2+ 31. Kh2 1-0

[Event "11th Philadelphia International"]
[Site "Philadelphia, PA"]
[Date "2017.06.25"]
[Round "3.5"]
[White "Mulyar, Michael"]
[Black "Barbosa, Oliver"]
[Result "1/2-1/2"]
[WhiteElo "2407"]
[BlackElo "2511"]
[PlyCount "34"]
[EventDate "2017.06.??"]
[EventType "swiss"]
[EventRounds "9"]
[EventCountry "USA"]

1. d4 d5 2. c4 c6 3. Nc3 Nf6 4. e3 g6 5. Nf3 Bg7 6. Bd3 O-O 7. O-O Bg4 8. h3
Bxf3 9. Qxf3 e6 10. Rd1 Nbd7 11. b3 Re8 12. Bb2 Qe7 13. Qe2 Rad8 14. Rac1 a6
15. Qc2 Rc8 16. Qb1 Red8 17. Bf1 h5 1/2-1/2

[Event "11th Philadelphia International"]
[Site "Philadelphia, PA"]
[Date "2017.06.25"]
[Round "3.6"]
[White "Zhu, Jack"]
[Black "Burke, John"]
[Result "0-1"]
[WhiteElo "2400"]
[BlackElo "2489"]
[PlyCount "74"]
[EventDate "2017.06.??"]
[EventType "swiss"]
[EventRounds "9"]
[EventCountry "USA"]

1. Nf3 Nf6 2. c4 c6 3. d4 d5 4. cxd5 cxd5 5. Nc3 Nc6 6. Bf4 Ne4 7. Rc1 e6 8. e3
g5 9. Be5 f6 10. Bb5 Bb4 11. Bg3 h5 12. h3 Bd7 13. O-O Bxc3 14. bxc3 Nxg3 15.
fxg3 Qc7 16. Nd2 Rh6 17. Qf3 O-O-O 18. c4 dxc4 19. Bxc4 Kb8 20. Qf2 f5 21. Bb5
f4 22. gxf4 gxf4 23. Nf3 Qd6 24. Ng5 fxe3 25. Qe1 Rg6 26. h4 Qxd4 27. Rd1 Qb6
28. Be2 Nd4 29. Kh1 Ka8 30. Bd3 Nf5 31. Bxf5 exf5 32. Rf3 Bc6 33. Rxd8+ Qxd8
34. Rxe3 a6 35. Re5 Rd6 36. Ne6 Qg8 37. Nf4 Rd4 0-1

[Event "11th Philadelphia International"]
[Site "Philadelphia, PA"]
[Date "2017.06.25"]
[Round "3.7"]
[White "Nakar, Eylon"]
[Black "Hilby, Craig"]
[Result "1/2-1/2"]
[WhiteElo "2476"]
[BlackElo "2380"]
[PlyCount "56"]
[EventDate "2017.06.??"]
[EventType "swiss"]
[EventRounds "9"]
[EventCountry "USA"]

1. e4 e5 2. Nf3 Nc6 3. Bb5 a6 4. Ba4 Nf6 5. O-O Be7 6. Re1 b5 7. Bb3 d6 8. c3
O-O 9. h3 Nb8 10. d4 Nbd7 11. c4 c6 12. a3 bxc4 13. Bxc4 d5 14. dxe5 Nxe4 15.
Bd3 f6 16. e6 Ndc5 17. Nd4 Nxd3 18. Qxd3 Bc5 19. Nc3 f5 20. Be3 f4 21. Bd2 Bxd4
22. Qxd4 Bxe6 23. Nxe4 dxe4 24. Qxe4 Bd5 25. Qe5 f3 26. Bc3 Qd7 27. Qe7 Qxe7
28. Rxe7 Rf7 1/2-1/2

[Event "11th Philadelphia International"]
[Site "Philadelphia, PA"]
[Date "2017.06.25"]
[Round "3.9"]
[White "Aaron, Deepak"]
[Black "Belous, Vladimir"]
[Result "0-1"]
[WhiteElo "2321"]
[BlackElo "2567"]
[PlyCount "116"]
[EventDate "2017.06.??"]
[EventType "swiss"]
[EventRounds "9"]
[EventCountry "USA"]

1. e4 c5 2. Nf3 Nc6 3. d4 cxd4 4. Nxd4 e5 5. Nb5 d6 6. N1c3 a6 7. Na3 b5 8. Nd5
Nge7 9. Be3 Nxd5 10. exd5 Ne7 11. Be2 Nf5 12. O-O Nxe3 13. fxe3 Be7 14. c3 O-O
15. e4 f5 16. exf5 Bxf5 17. Nc2 Qb6+ 18. Kh1 Be4 19. Bf3 Bxf3 20. Rxf3 Rxf3 21.
gxf3 Qf2 22. Qd3 Rf8 23. Rf1 Qh4 24. Qe2 Bg5 25. Ne1 Bf4 26. Nd3 Rf6 27. Rg1
Qh3 28. Rg2 Bh6 29. Nf2 Qxf3 30. Qxf3 Rxf3 31. Ne4 Rd3 32. Nxd6 Rxd5 33. Nf5
Rd1+ 34. Rg1 Rxg1+ 35. Kxg1 Bc1 36. b3 Kf7 37. Kg2 Bf4 38. c4 bxc4 39. bxc4 e4
40. Nd4 Kf6 41. Nb3 Be3 42. Kf1 Ke5 43. Ke2 Bg1 44. h3 g5 45. Kf1 Bb6 46. Ke2
h5 47. a3 Bd4 48. c5 Bg1 49. c6 Bb6 50. Nc5 Kd5 51. Nxa6 Kxc6 52. Nb4+ Kd6 53.
Kf1 Bc5 54. Nc2 Ke5 55. a4 Kf4 56. Kg2 e3 57. a5 e2 58. a6 Ke4 0-1

[Event "11th Philadelphia International"]
[Site "Philadelphia, PA"]
[Date "2017.06.25"]
[Round "3.10"]
[White "Hernandez, Holden"]
[Black "Bian, Alex"]
[Result "1-0"]
[WhiteElo "2510"]
[BlackElo "2266"]
[PlyCount "101"]
[EventDate "2017.06.??"]
[EventType "swiss"]
[EventRounds "9"]
[EventCountry "USA"]

1. d4 Nf6 2. c4 e6 3. Nc3 c5 4. d5 exd5 5. cxd5 d6 6. Nf3 g6 7. Nd2 Nbd7 8. e4
Bg7 9. Be2 O-O 10. O-O Re8 11. f4 a6 12. a4 Rb8 13. Qc2 Qc7 14. Kh1 c4 15. e5
dxe5 16. d6 Qc6 17. Nxc4 e4 18. Be3 Nc5 19. Rad1 Nd3 20. Nxe4 Nxe4 21. Bxd3
Nxd6 22. Ba7 Nxc4 23. Bxb8 Nxb2 24. Rde1 Be6 25. f5 Nxd3 26. fxe6 fxe6 27. Qxd3
Rxb8 28. h3 b5 29. axb5 axb5 30. Re4 Qd5 31. Qe2 Rf8 32. Rb4 Rxf1+ 33. Qxf1 Qf5
34. Qxb5 Be5 35. Qe8+ Kg7 36. Qe7+ Kg8 37. Qd8+ Kg7 38. Rb7+ Kh6 39. Qh4+ Qh5
40. Qxh5+ gxh5 41. Re7 Bg3 42. Rxe6+ Kg5 43. Kg1 h4 44. Kf1 h5 45. Ke2 Kf5 46.
Rh6 Kg5 47. Rh8 Be5 48. Ra8 Kf4 49. Ra5 Ke4 50. Ra4+ Bd4 51. Rb4 1-0

[Event "11th Philadelphia International"]
[Site "Philadelphia, PA"]
[Date "2017.06.25"]
[Round "3.11"]
[White "Perez, Robert"]
[Black "Wheeler, Cameron"]
[Result "1/2-1/2"]
[WhiteElo "2365"]
[BlackElo "2407"]
[PlyCount "64"]
[EventDate "2017.06.??"]
[EventType "swiss"]
[EventRounds "9"]
[EventCountry "USA"]

1. Nf3 Nf6 2. c4 c5 3. Nc3 g6 4. e4 Nc6 5. d4 cxd4 6. Nxd4 Nxd4 7. Qxd4 Bg7 8.
Be3 O-O 9. Qd2 d6 10. f3 Be6 11. b3 Qa5 12. Rc1 Rfc8 13. Be2 a6 14. Na4 Qxd2+
15. Kxd2 Nd7 16. g4 Rc6 17. h4 Nc5 18. Nc3 b5 19. Nd5 Bxd5 20. exd5 Rcc8 21. b4
Na4 22. cxb5 Bc3+ 23. Kc2 Bxb4+ 24. Kb3 Bc5 25. bxa6 Bxe3 26. Rxc8+ Rxc8 27.
Kxa4 Rc2 28. Bd3 Rxa2+ 29. Kb3 Rd2 30. Kc3 Ra2 31. Kb3 Rd2 32. Kc3 Ra2 1/2-1/2

[Event "11th Philadelphia International"]
[Site "Philadelphia, PA"]
[Date "2017.06.25"]
[Round "3.12"]
[White "Hong, Andrew"]
[Black "Kumar, Prudhvi"]
[Result "1-0"]
[WhiteElo "2383"]
[BlackElo "1707"]
[PlyCount "98"]
[EventDate "2017.06.??"]
[EventType "swiss"]
[EventRounds "9"]
[EventCountry "USA"]

1. e4 d5 2. exd5 Nf6 3. d4 Nxd5 4. c4 Nb6 5. Nf3 Bg4 6. c5 Nd5 7. Qb3 Bc8 8.
Bc4 e6 9. Nc3 c6 10. Bg5 f6 11. Bh4 b6 12. O-O Be7 13. Rfe1 Kf7 14. Bg3 Na6 15.
Re2 Re8 16. Rae1 b5 17. Bxd5 cxd5 18. Nxb5 Bd7 19. a4 Qc8 20. Qc2 g6 21. Qc3
Qc6 22. Nd2 e5 23. Nb3 e4 24. f3 f5 25. Na5 Qe6 26. Nb7 Rf8 27. N7d6+ Bxd6 28.
Nxd6+ Kg8 29. c6 f4 30. cxd7 Qxd6 31. Bh4 Qxd7 32. fxe4 Qg4 33. Be7 f3 34. Rf2
Rfc8 35. Qb3 Qe6 36. Qxd5 Qxd5 37. exd5 Rc7 38. Rxf3 Rd7 39. d6 Re8 40. Re5 Nb4
41. Rc5 Na6 42. Rc6 Nb4 43. Rc7 Rxc7 44. dxc7 Nd5 45. Bd8 Nxc7 46. Bxc7 Rc8 47.
Rc3 Kf7 48. d5 Ke8 49. d6 Kd7 1-0

[Event "11th Philadelphia International"]
[Site "Philadelphia, PA"]
[Date "2017.06.25"]
[Round "3.13"]
[White "Becerra, Julio"]
[Black "Easton, Jack"]
[Result "1-0"]
[WhiteElo "2556"]
[BlackElo "2098"]
[PlyCount "83"]
[EventDate "2017.06.??"]
[EventType "swiss"]
[EventRounds "9"]
[EventCountry "USA"]

1. e4 c5 2. Nf3 Nc6 3. Bb5 e6 4. O-O Nge7 5. Re1 d6 6. c3 a6 7. Bf1 e5 8. h3 h6
9. d4 cxd4 10. cxd4 Ng6 11. Nc3 Be7 12. Be3 Bg5 13. Nxg5 hxg5 14. dxe5 Ncxe5
15. Nd5 O-O 16. Bb6 Qd7 17. Rc1 Nc6 18. Be3 Qd8 19. Bb6 Qd7 20. Qh5 g4 21. Be3
Rb8 22. Nb6 Qd8 23. hxg4 Be6 24. b3 Nce5 25. f3 Nf4 26. Bxf4 Qxb6+ 27. Be3 Qb4
28. Qh4 Rbc8 29. Qf2 Qa5 30. Qd2 Qa3 31. Red1 Rxc1 32. Rxc1 b5 33. Rc2 Rb8 34.
Qe1 b4 35. Qd1 Qa5 36. Qxd6 Rd8 37. Bb6 Rxd6 38. Bxa5 Rd4 39. Kf2 g6 40. g5 Nd7
41. Be2 Ne5 42. Ke3 1-0

[Event "11th Philadelphia International"]
[Site "Philadelphia, PA"]
[Date "2017.06.25"]
[Round "3.14"]
[White "Paragua, Mark"]
[Black "Proleiko, Julian"]
[Result "1-0"]
[WhiteElo "2520"]
[BlackElo "2156"]
[PlyCount "51"]
[EventDate "2017.06.??"]
[EventType "swiss"]
[EventRounds "9"]
[EventCountry "USA"]

1. e4 c6 2. d4 d5 3. f3 dxe4 4. fxe4 e5 5. Nf3 Bg4 6. Bc4 Nd7 7. c3 Ngf6 8. Qb3
Qe7 9. Qxb7 Rb8 10. Qxc6 exd4 11. Nxd4 Qxe4+ 12. Qxe4+ Nxe4 13. O-O Nd6 14.
Re1+ Kd8 15. Nc6+ Kc7 16. Nxb8 Nxc4 17. Bf4+ Kc8 18. Nxd7 Kxd7 19. h3 Bh5 20.
b3 Nb2 21. Be3 Bd6 22. Nd2 Bg3 23. Rf1 Nd3 24. Ne4 Bb8 25. Rad1 Bxd1 26. Rxd1
1-0

[Event "11th Philadelphia International"]
[Site "Philadelphia, PA"]
[Date "2017.06.25"]
[Round "3.15"]
[White "Sarkar, Justin"]
[Black "Virtanen, Teemu"]
[Result "1-0"]
[WhiteElo "2375"]
[BlackElo "2141"]
[PlyCount "83"]
[EventDate "2017.06.??"]
[EventType "swiss"]
[EventRounds "9"]
[EventCountry "USA"]

1. d4 Nf6 2. c4 e6 3. Nc3 Bb4 4. e3 O-O 5. Bd3 d5 6. Nf3 b6 7. a3 Be7 8. O-O c5
9. dxc5 bxc5 10. cxd5 exd5 11. e4 c4 12. Bc2 dxe4 13. Qxd8 Rxd8 14. Nxe4 Bb7
15. Bg5 Bxe4 16. Bxe4 Nxe4 17. Bxe7 Re8 18. Bb4 Nd7 19. Rac1 Nb6 20. Ba5 Rac8
21. Rc2 Rc5 22. Bb4 Rd5 23. Re1 f5 24. Nd2 Nf6 25. Nxc4 Rc8 26. Ne3 Rxc2 27.
Nxc2 a5 28. Bc3 Ne4 29. Bd4 Nc4 30. f3 Ned6 31. a4 f4 32. Bc3 Nf5 33. Re8+ Kf7
34. Re4 Rd1+ 35. Kf2 Ncd6 36. Rxf4 g5 37. Ne3 Ra1 38. Nxf5 gxf4 39. Nxd6+ Ke6
40. Nc4 Rxa4 41. Na3 Kd5 42. Ke2 1-0